|
|
|
|
| LEADER |
01044aam a22002418a 4500 |
| 001 |
00043695 |
| 005 |
20190307080351.0 |
| 008 |
140604s2013 ||||||viesd |
| 020 |
# |
# |
|c 0
|a 978 604 972 111 3
|
| 041 |
0 |
# |
|a vie
|
| 082 |
1 |
# |
|a 895.922 334
|b T123TR
|
| 100 |
1 |
# |
|a Mã, A Lềnh
|
| 245 |
1 |
0 |
|c Mã A Lềnh
|a Tập truyện thiếu nhi
|
| 260 |
# |
# |
|a Hà Nội
|b Hội nhà văn
|c 2018
|
| 300 |
# |
# |
|a 383 tr.
|c 21 cm.
|
| 500 |
# |
# |
|a ĐTTS ghi: Liên Hiệp các Hội Văn học Nghệ thuật Việt Nam. Hội Văn học Nghệ thuật các Dân tộc Thiểu số Việt Nam
|
| 653 |
# |
# |
|a Truyện ngắn
|
| 653 |
# |
# |
|a Việt Nam
|
| 653 |
# |
# |
|a Văn học thiếu nhi
|
| 710 |
# |
# |
|a Liên Hiệp các Hội Văn học Nghệ thuật Việt Nam
|b Hội Văn học Nghệ thuật các Dân tộc Thiểu số Việt Nam
|
| 852 |
# |
# |
|j KD.0025528
|
| 910 |
0 |
# |
|d 7/3/2019
|
| 980 |
# |
# |
|a Trung tâm Học liệu Lê Vũ Hùng, Trường Đại học Đồng Tháp
|